000 00384nam a22001217a 4500
999 _c3446
_d3446
005 20201202094031.0
008 201202b ||||| |||| 00| 0 eng d
020 _a9781569762165
040 _cCML
245 _aArt is Fundamental.
_cPrince E.S.
260 _aU.S.A.
_bLibrary of Congress Cataloging-in-Publication Data.
_c2008
942 _2ddc
_cBK
_e1st Edition
_h372
_mPRI